The Social and Economic History of the Punjab 1901-1939 : (Record no. 21721)

MARC details
000 -LEADER
fixed length control field 00653nam a22002057a 4500
003 - CONTROL NUMBER IDENTIFIER
control field BDDh-ASL
005 - DATE AND TIME OF LATEST TRANSACTION
control field 20231015030031.0
008 - FIXED-LENGTH DATA ELEMENTS--GENERAL INFORMATION
fixed length control field 210211s1975 ii ||||| |||| 00| 0 eng d
040 ## - CATALOGING SOURCE
Original cataloging agency BDDh-ASL
Transcribing agency BDDh-ASL
082 ## - DEWEY DECIMAL CLASSIFICATION NUMBER
Classification number 954.503
Item number SAS
100 1# - MAIN ENTRY--PERSONAL NAME
9 (RLIN) 3083
Personal name Saini, B.S.
245 10 - TITLE STATEMENT
Title The Social and Economic History of the Punjab 1901-1939 :
Remainder of title including Haryana and Himachal Pradesh /
260 ## - PUBLICATION, DISTRIBUTION, ETC.
Place of publication, distribution, etc. Delhi :
Name of publisher, distributor, etc. Ess Ess Publications,
Date of publication, distribution, etc. 1975.
300 ## - PHYSICAL DESCRIPTION
Extent 381 p. :
Dimensions 22 cm.
650 #0 - SUBJECT ADDED ENTRY--TOPICAL TERM
9 (RLIN) 1349
Topical term or geographic name entry element History
Chronological subdivision 1901-1939
651 #0 - SUBJECT ADDED ENTRY--GEOGRAPHIC NAME
9 (RLIN) 3075
Geographic name Punjab
Geographic subdivision India
651 #0 - SUBJECT ADDED ENTRY--GEOGRAPHIC NAME
9 (RLIN) 3084
Geographic name Haryana
Geographic subdivision India
651 #0 - SUBJECT ADDED ENTRY--GEOGRAPHIC NAME
9 (RLIN) 3085
Geographic name Himachal Pradesh
Geographic subdivision India
942 ## - ADDED ENTRY ELEMENTS (KOHA)
Source of classification or shelving scheme Dewey Decimal Classification
Koha item type Books
Holdings
Withdrawn status Lost status Source of classification or shelving scheme Damaged status Not for loan Collection code Home library Current library Shelving location Date acquired Source of acquisition Total Checkouts Full call number Barcode Date last seen Copy number Price effective from Koha item type Public note
    Dewey Decimal Classification     Non-fiction Asiatic Society Library Asiatic Society Library General Stacks 02/11/2021 ASB Library Collections   954.503 SAS 105643 02/11/2021 C-1 02/11/2021 Books RARE

Powered by Koha